Ročenka Slovenskej národnej galérie v Bratislave : Galéria 2007-2008 /

Uložené v:
Podrobná bibliografia
Hlavný autor: Ábelovský, Ján, 1950- (Author)
Ďalší autori: McCullough, Paul (Translator), Orišková, Mária (Translator)
Médium: Kniha
Jazyk:English
Slovak
Vydané: Bratislava : Slovenská národná galéria, 2009.
Vydanie:[1. vyd.]
Témy:
ISBN: 9788080591410 (brož.)
Fyzický popis: 268 s. : fotogr. ; 29 cm.
Tagy: Pridať tag
Žiadne tagy, Buďte prvý kto otaguje tento záznam!

MARC

LEADER 00000nam a2200000 a 4500
001 000221663
005 20100329080036.0
008 091130s2009 xo o e 000 0 eng d
020 |a 9788080591410 (brož.) 
040 |a SVKKK  |b slo  |c SVKKK  |e AACR2 
041 1 |a slo  |b eng 
043 |a e-xo--- 
044 |a xo  |c SK 
072 7 |a 72/76  |x Výtvarné umenie  |2 konspekt 
080 |a 72/76:069  |2 2001 
080 |a (437.6)  |2 2001 
080 |a (058)  |2 2001 
245 0 0 |a Ročenka Slovenskej národnej galérie v Bratislave :  |b Galéria 2007-2008 /  |c [texts Ján Abelovský ... [et al] ; translation Paul McCullough, Mária Orišková]. 
246 3 1 |a Jahrbuch der Slowakischen Nationalgalerie in Bratislava 
246 3 1 |a Yearbook of the Slovak National Gallery in Bratislava 
246 3 3 |a Galéria 2007-2008 
250 |a [1. vyd.] 
260 |a Bratislava :  |b Slovenská národná galéria,  |c 2009. 
300 |a 268 s. :  |b fotogr. ;  |c 29 cm. 
500 |a Údaj o aut. a prekl. prevzatý z tiráže 
504 |a Poznámky 
546 |a Súbežný názov aj angl., nem. 
546 |a Resumé angl. 
610 2 7 |a Slovenská národná galéria (Bratislava, Slovensko)  |2 SVKKKKA 
650 0 7 |a galérie  |2 SVKKKPH 
651 7 |a Slovensko  |2 SVKKKPH 
655 7 |a ročenky  |2 SVKKKPH 
700 1 |a Ábelovský, Ján,  |d 1950-  |4 aut 
700 1 |a McCullough, Paul  |4 trl 
700 1 |a Orišková, Mária  |4 trl 
910 |a svkkk 
919 |a 978-80-8059-141-0 
998 |a BK 
090 |g SCKHL  |k Sklad Hlavná 10 prízemie  |a V.223027  |j 1014198  |i 2720181851  |s Absenčne